Responses for Show #148 - Wednesday, April 3, 1985

Contestants

[<< previous game]

George Shultz, a writing teacher from Garden Grove, California

Susan Taggart, a claims representative from Burbank, California

Sal Manna, a freelance journalist originally from New York City (whose 1-day cash winnings total $4,800)

[next game >>]

Jeopardy! Round responses

U.S. GOVERNMENT
BASKETBALL
FLOWERS
TELEVISION
GEOGRAPHY
SCHOOL DAYS
    $100 13
two

George
    $100 1
(Sal: What is...)
(Susan: What is a hook?)
(Alex: Be more specific.)

a hook shot

SalSusan
    $100 10
tulips

George
    $100 12
(Susan: What is the Indian chief?)

Clarabell

SalSusan
    $100 25
New Jersey

Sal
    $100 2
her (little) lamb

Susan
    $200 14
a lame duck

Susan
    $200 5
10 feet

George
    $200 11
lilies

Susan
    $200 15
The Fugitive

Sal
    $200 3
extracurricular

George
    $300 16
(Sal: What is the right of assembly?)

the right of suffrage

SalGeorge
    $300 6
(Susan: What are the Falcons?)
...
(Alex: The Falcons are in football.)

the Hawks

SalSusan
    $300 17
the daisies

Susan
    $300 22
Vincent Price

Susan
    $300 4
(George: What is Title I?)

head start

SalGeorge
    $400 21
(Alex: We've got about a minute to go in the round.)

Washington, D.C. (the District of Columbia)

Susan
    $400 7
a foul shot (free throw)

Sal
    $400 18
(George: [No response])

primrose

George
Triple Stumper
    $400 23
Leo G. Carroll

Susan
    $600 9
"Be True To Your School"

George
    $500 26
[The end-of-round signal sounds.]

a quorum

Sal
    $500 8
Wilt Chamberlain

George
    $500 19
the fleur-de-lis

Susan
    $500 24
(Sal: What are Janes?)

Kate and Allie

SalSusan
    $500 20
(Sal: What is a school?)
(Alex: Be more specific.)

a high school

Sal

Scores at the first commercial break (after clue 10):

Sal Susan George
$900 -$100 $1,300

Scores at the end of the Jeopardy! Round:

Sal Susan George
$1,500 $2,600 $1,300

Double Jeopardy! Round responses

SCIENCE
JOURNALISM
ROYALTY
CLASSIC CINEMA
STATE CAPITALS
DIAMONDS
    $200 1
astronomers

Sal
    $200 2
the Pulitzer Prize

Sal
    $200 12
Old King Cole

Susan
    $200 7
Of Mice and Men

Sal
    $200 15
(George: What is Albuquerque?)

Santa Fe

SusanGeorge
    $200 23
a carat

George
    $400 17
carbon

George
    $400 3
(George: What is the Washington Post?)

USA Today

George
Triple Stumper
    $400 13
David

George
    $400 8
(George: Who was Greta Garbo?)
(Sal: Who was Greer Garson?)

Joan Crawford

SalSusanGeorge
    $400 16
Vermont

George
    $400 24
(George: Who is Mae West?)

Zsa Zsa Gabor

SusanGeorge
    $600 18
rust

George
    $600 4
Drew Pearson

Sal
    $600 14
Napoleon

Sal
    $600 9
It Happened One Night

Sal
    $600 22
(Sal: What is Baton Rouge?)
(Susan: What is Tallahassee?)

Honolulu

SalSusan
Triple Stumper
    $1,800 25
[The end-of-round signal sounds.]

"Diamond Girl"

Susan
    $800 19
[ERRATUM: Fungi have not been considered plants since 1969.]

a fungus

Susan
    $1,200 5
the Los Angeles Herald-Examiner (or the San Francisco Examiner)

Sal
    $800 20
Muhammad

Susan
    $800 10
(Alex: He was the bad guy in that film and then, of course, the good guy in Mission Impossible.)

Peter Graves

Triple Stumper
    $1000 6
(Paul Julius) Reuter (Reuters accepted)

Sal
    $1000 21
(Alex: We've got less than a minute to go.)

the Hapsburgs

Susan
    $1000 11
Charles Lawton

Triple Stumper

Scores at the end of the Double Jeopardy! Round:

Sal Susan George
$5,100 $7,600 $1,900

[wagering suggestions for these scores]

Final Jeopardy! Round responses

GAMES
(Alex: There is a one-eyed jack in hearts, a one-eyed jack in spades, and the king of diamonds has one eye also. So the only suit that does not have that one-eyed card is [*].)
GeorgeWhat is hearts
$900
SalWhat is hearts?
$5,100
SusanWhat is hearts?
$2,700
clubs

Final scores:

Sal Susan George
$0 $4,900 $1,000
3rd place: Landes coffee & tea set New champion: $4,900 2nd place: Broyhill sofa + Frigidaire microwave oven

Game dynamics:

Coryat scores:

Sal Susan George
$4,700 $6,400 $1,700
16 R
(including 1 DD),
5 W
18 R
(including 1 DD),
3 W
12 R
(including 1 DD),
6 W

Combined Coryat: $12,800

[game clues] [game scores] [suggest correction]

Game tape date: 1984-12-12
The J! Archive is created by fans, for fans. Scraping, republication, monetization, and malicious use prohibited; this site may use cookies and collect identifying information. See terms. The Jeopardy! game show and all elements thereof, including but not limited to copyright and trademark thereto, are the property of Jeopardy Productions, Inc. and are protected under law. This website is not affiliated with, sponsored by, or operated by Jeopardy Productions, Inc. Join the discussion at JBoard.tv.